<The> Status of and Prospects for Agriculture in East Central Europe 1
Guardado en:
| Formato: | Libro |
|---|---|
| Lenguaje: | inglés |
| Publicado: |
New York
L.W. International Financial Research
1993
|
| Edición: | 1. ed. |
| Colección: | Research Project on National Income in East Central Europe
|
| Materias: | |
| Etiquetas: |
Sin Etiquetas, Sea el primero en etiquetar este registro!
|
MARC
| LEADER | 00000nam a2200000 4500 | ||
|---|---|---|---|
| 001 | c013404 | ||
| 005 | 20221206075657.1 | ||
| 041 | 0 | |a eng | |
| 044 | |a US | ||
| 245 | 1 | 0 | |a <The> Status of and Prospects for Agriculture in East Central Europe 1 |
| 250 | |a 1. ed. | ||
| 264 | 1 | |a New York |b L.W. International Financial Research |c 1993 | |
| 300 | |a [150] s. | ||
| 490 | 1 | |a Research Project on National Income in East Central Europe | |
| 830 | 0 | |a Research Project on National Income in East Central Europe | |
| 610 | 2 | 0 | |a poľnohospodárstvo |
| 610 | 2 | 0 | |a sektor súkromný |
| 610 | 2 | 0 | |a východná Európa |
| 610 | 2 | 0 | |a stredná Európa |
| 610 | 2 | 0 | |a ukazovatele štatistické |
| 610 | 2 | 0 | |a údaje štatistické |